000 00468nam a22001817a 4500
003 MPLRDC
005 20220104144406.0
008 210129b ||||| |||| 00| 0 eng d
082 _a297.5 RY
100 _a任意、赵炎炎著
245 _a外星人之谜, 望衡对宇
_c
250 _a初版
260 _a
_b职工教育出版社
_c1990
300 _b
490 _a科学与文化之谜丛书
650 _a异象奇闻; 奇迹
942 _cBK
_o297.5 RY
999 _c49164
_d49154